000 00422nam a2200181Ia 4500
001 7781
005 20260306160520.0
008 260306t2007||||xx |||||||||||||| ||spa||
041 _aESP
082 _a362.1
_bR75
100 _aRodriguez Doig, Enrique
_eAUT
245 0 _aVIH-SIDA y discriminación en Ica
260 _c2007
300 _apágs. :
_ccm.
650 _aGEN
654 _aCAN
942 _cLIB
_dJUS
_fJUS
_2ddc
_n
999 _c7781
_d7781